| 000 | 00657cam a2200217 a 4500 | ||
|---|---|---|---|
| 001 | 000010043 | ||
| 005 | 20200929161820.0 | ||
| 008 | 900417s1989 sp a 000 0 spa | ||
| 020 | _z84860720197 | ||
| 040 |
_aDO-SdBNP _bspa _cBNPHU |
||
| 082 |
_a861.64 _bV393c |
||
| 100 | 1 |
_aVázquez Baltar, María Ángeles. _925009 |
|
| 245 | 1 | 0 |
_aCarta a alguien / _cMaría Ágeles Vázquez Baltar. |
| 260 |
_aMadrid : _bEdiciones Torremozas, _c1989. |
||
| 300 |
_a55 p. ; _c21 cm. |
||
| 490 | 1 |
_aTorremozas _aPrímula |
|
| 650 | 4 |
_aPoesía española _9631 |
|
| 650 | 4 |
_aLiteratura española _ySIGLO XX _93326 |
|
| 830 | 0 |
_aTorremozas _pprímula _925010 |
|
| 049 | _aBNGR | ||
| 999 |
_c9802 _d9802 |
||